[Event "Washington op 1st"]
[Site "Rockville"]
[Date "2012.07.31"]
[Round "7"]
[White "Kamsky, Gata"]
[Black "Azarov, Sergei Nikolaevich"]
[Result "1/2-1/2"]
[WhiteElo "2744"]
[BlackElo "2658"]
[PlyCount "119"]
[EventDate "2012.07.28"]
[EventType "swiss"]
[EventRounds "9"]
[EventCountry "USA"]
[SourceTitle "CBM 149 Extra"]
[Source "ChessBase"]
[SourceDate "2012.08.24"]
[SourceVersion "1"]
[SourceVersionDate "2012.08.24"]
[SourceQuality "1"]

1. d4 d5 2. c4 e6 3. Nf3 Nf6 4. g3 Be7 5. Bg2 O-O 6. O-O dxc4 7. Qc2 a6 8. a4
Bd7 9. Qxc4 Bc6 10. Bf4 Bd6 11. Bg5 Nbd7 12. Nc3 h6 13. Bxf6 Nxf6 14. b4 Bd5
15. Nxd5 exd5 16. Qb3 Qe7 17. e3 Bxb4 18. Ne5 c6 19. Rab1 a5 20. Nd3 Ne8 21.
Nxb4 Qxb4 22. Qxb4 axb4 23. Rxb4 Nd6 24. Bf3 f5 25. Rc1 Kf7 26. Kg2 Ke6 27. Be2
Ra5 28. h3 g6 29. Bd3 g5 30. Be2 Rfa8 31. Bd1 h5 32. Rc5 R5a7 33. g4 fxg4 34.
hxg4 h4 35. Bc2 Kf6 36. Rb6 Ra5 37. Kh3 R8a7 38. Rc3 Nc4 39. Rb4 b5 40. axb5
cxb5 41. Bd3 Ra2 42. Rxb5 Rxf2 43. Bxc4 dxc4 44. Rf5+ Rxf5 45. gxf5 Re7 46. d5
Kxf5 47. d6 Rd7 48. Rxc4 Rxd6 49. Rc3 Rd8 50. Rc4 Rd7 51. Rc5+ Kf6 52. Kg4 Rh7
53. Rf5+ Ke6 54. Kxg5 h3 55. Rf1 h2 56. Rh1 Ke5 57. Kg4 Ke4 58. Kg3 Kxe3 59.
Rxh2 Rg7+ 60. Kh4 1/2-1/2

[Event "Washington op 1st"]
[Site "Rockville"]
[Date "2012.07.31"]
[Round "8"]
[White "Shabalov, Alexander"]
[Black "Kamsky, Gata"]
[Result "1/2-1/2"]
[WhiteElo "2534"]
[BlackElo "2744"]
[PlyCount "118"]
[EventDate "2012.07.28"]
[EventType "swiss"]
[EventRounds "9"]
[EventCountry "USA"]
[SourceTitle "CBM 149 Extra"]
[Source "ChessBase"]
[SourceDate "2012.08.24"]
[SourceVersion "1"]
[SourceVersionDate "2012.08.24"]
[SourceQuality "1"]

1. d4 d5 2. c4 c6 3. Nc3 Nf6 4. Nf3 a6 5. g3 Bf5 6. Qb3 b5 7. cxd5 cxd5 8. Ne5
e6 9. Bg2 Nbd7 10. O-O Rc8 11. Bg5 Be7 12. Rac1 O-O 13. a4 Nxe5 14. dxe5 bxa4
15. Qxa4 Nd7 16. Bxe7 Qxe7 17. Qxa6 Nxe5 18. e4 dxe4 19. Nxe4 Rb8 20. Qa3 Qb4
21. Rc5 Bxe4 22. Rxe5 Bf5 23. Rfe1 Qxb2 24. Qxb2 Rxb2 25. Be4 Bxe4 26. R5xe4
Rd8 27. R1e2 Rb7 28. h4 g6 29. Kg2 Kg7 30. R4e3 h6 31. Re4 Rd6 32. R2e3 Rbb6
33. Re2 f5 34. Ra4 Rd7 35. Ra8 Re7 36. Rd2 e5 37. Rad8 e4 38. R8d6 Re6 39. Rd8
Rb7 40. R2d6 Rbe7 41. Rd5 Rf7 42. R8d6 Kf6 43. Rd8 Kg7 44. R5d6 Ree7 45. Rc6
Rc7 46. Ra6 f4 47. gxf4 Rxf4 48. h5 gxh5 49. Rdd6 Rg4+ 50. Kf1 h4 51. Rxh6 Rc1+
52. Ke2 Rc2+ 53. Ke3 h3 54. Rh5 Rc3+ 55. Ke2 e3 56. Rah6 exf2 57. Rh7+ Kf6 58.
R7h6+ Rg6 59. Rxh3 Ke5 1/2-1/2

[Event "Washington op 1st"]
[Site "Rockville"]
[Date "2012.08.01"]
[Round "9"]
[White "Kamsky, Gata"]
[Black "Benjamin, Joel"]
[Result "1-0"]
[WhiteElo "2744"]
[BlackElo "2559"]
[PlyCount "173"]
[EventDate "2012.07.28"]
[EventType "swiss"]
[EventRounds "9"]
[EventCountry "USA"]
[SourceTitle "CBM 149 Extra"]
[Source "ChessBase"]
[SourceDate "2012.08.24"]
[SourceVersion "1"]
[SourceVersionDate "2012.08.24"]
[SourceQuality "1"]

1. e4 Nf6 2. e5 Nd5 3. d4 d6 4. Nf3 dxe5 5. Nxe5 c6 6. Be2 Bf5 7. O-O Nd7 8.
Ng4 e6 9. c4 N5f6 10. Ne3 Bg6 11. f4 Qc7 12. Nc3 Bd6 13. g3 Rd8 14. Qe1 O-O 15.
c5 Be7 16. f5 exf5 17. Nxf5 Bxf5 18. Rxf5 Rfe8 19. Qf2 Nf8 20. Bf4 Qd7 21. Be5
Ng6 22. Rf1 b6 23. cxb6 axb6 24. Qf3 Qe6 25. Kh1 Nxe5 26. dxe5 Nd7 27. Qe4 b5
28. Bg4 Qc4 29. Qxc4 bxc4 30. Be2 g6 31. Rxf7 Nxe5 32. R7f4 Rd2 33. Re4 Bd6 34.
Bxc4+ Kg7 35. Re2 Rxe2 36. Bxe2 Nf7 37. Bf3 Ne5 38. Be2 Nf7 39. Rd1 Bb4 40. Bc4
Ne5 41. Bb3 Re7 42. Kg2 Rb7 43. Ne4 Be7 44. h3 Rb4 45. Nc3 Rb8 46. Rd2 Bb4 47.
Re2 Bd6 48. Ne4 Be7 49. Be6 Nd3 50. b3 Bb4 51. Bc4 Ne5 52. Ng5 Bd6 53. Rc2 Re8
54. Be2 Ba3 55. Ne4 Nf7 56. Bf3 Ne5 57. Nd2 Bb4 58. Ne4 Ba3 59. Be2 Nf7 60. Nf2
Ne5 61. Bf3 Re6 62. Re2 Kf7 63. Ne4 Re7 64. Rd2 Kg7 65. Rd8 Ra7 66. Re8 Be7 67.
a4 Kf7 68. Rb8 Nd7 69. Rc8 Ne5 70. Bd1 Ke6 71. Bc2 Kd5 72. Kf2 c5 73. Nc3+ Ke6
74. Ke2 Rd7 75. Ne4 Kd5 76. Ke3 Rb7 77. h4 Rd7 78. b4 Nc4+ 79. Kf4 Na3 80. Nxc5
Bd6+ 81. Kg4 Re7 82. Bb3+ Ke5 83. a5 Nb5 84. a6 Nd4 85. Nb7 h5+ 86. Kh3 Kf6 87.
Re8 1-0

[Event "EU-Cup 28th"]
[Site "Eilat"]
[Date "2012.10.17"]
[Round "7.5"]
[White "Motylev, Alexander"]
[Black "Kamsky, Gata"]
[Result "1/2-1/2"]
[WhiteElo "2655"]
[BlackElo "2755"]
[PlyCount "65"]
[EventDate "2012.10.11"]
[EventType "team-swiss"]
[EventRounds "7"]
[EventCountry "ISR"]
[SourceTitle "CBM 151"]
[Source "ChessBase"]
[SourceDate "2012.11.13"]
[SourceVersion "1"]
[SourceVersionDate "2012.11.13"]
[SourceQuality "1"]
[WhiteTeam "Tomsk 400"]
[BlackTeam "SOCAR"]
[WhiteTeamCountry "RUS"]
[BlackTeamCountry "AZE"]

1. e4 e5 2. Nf3 Nc6 3. Bb5 a6 4. Bxc6 dxc6 5. O-O Qd6 6. Na3 f6 7. Nc4 Qe6 8.
b3 c5 9. a4 Nh6 10. c3 Nf7 11. d4 Bd6 12. Ba3 cxd4 13. Nxd6+ cxd6 14. cxd4 O-O
15. Rc1 Rd8 16. Rc7 Rd7 17. Rc3 b5 18. Qc2 Rb7 19. axb5 axb5 20. Bb4 Bd7 21.
Rd1 Rba7 22. h3 Qe8 23. Qd3 Bc6 24. Qe3 h6 25. Rcc1 Kh7 26. Qd3 Kh8 27. Re1 Bd7
28. Red1 Be6 29. Qe3 Kh7 30. Qd3 Kg8 31. Qe3 Kh7 32. Qd3 Kg8 33. Qe3 1/2-1/2

[Event "Tashkent FIDE GP 2nd"]
[Site "Tashkent"]
[Date "2012.11.22"]
[Round "1"]
[White "Morozevich, Alexander"]
[Black "Kamsky, Gata"]
[Result "1-0"]
[WhiteElo "2748"]
[BlackElo "2762"]
[Annotator "Postny,E"]
[PlyCount "71"]
[EventDate "2012.11.22"]
[EventType "tourn"]
[EventRounds "11"]
[EventCountry "UZB"]
[EventCategory "20"]
[SourceTitle "CBM 152"]
[Source "ChessBase"]
[SourceDate "2013.01.15"]
[SourceVersion "1"]
[SourceVersionDate "2013.01.15"]
[SourceQuality "1"]

1. Nf3 Nf6 2. c4 c5 3. Nc3 b6 {This is rare at the top level. The alternatives
3...e6, 3...Nc6 and 3...d5 are way more common.} 4. e3 (4. g3 Bb7 5. Bg2 e6 6.
O-O {may transpose to a "hedgehog" type of position.}) 4... g6 5. d4 Bg7 6. d5
{Seizing space in the centre is the most principled continuation. White may
also delay this for a couple of moves, completing the kingside development
first.} (6. Be2 O-O 7. O-O d6 8. d5 e6 9. e4 exd5 10. exd5 Re8 11. h3 Na6 12.
Bd3 $14 {0-1 (31) Speelman,J (2630)-Adams,M (2615) Hastings 1991}) 6... O-O 7.
Be2 e6 (7... d6 {is a move for Benoni fans.}) 8. e4 exd5 9. e5 Ne4 10. Nxd5 (
10. Qxd5 $2 Nxc3 11. Qxa8 Nc6 12. bxc3 Qc7 $17 {White's queen is trapped and
his permanent weaknesses will tell.}) 10... Nc6 11. Qd3 f5 12. exf6 Nxf6 13.
Bg5 {Black is strategically worse as his Pd7 is weak, but his dynamic
resources shouldn't be underestimated.} Bb7 14. Rd1 (14. O-O d6 15. Rae1 Qd7
16. Bxf6 Bxf6 17. Nxf6+ Rxf6 $11) 14... Qe8 $1 $146 {I don't think that this
was home preparation, this line is too rare to analyse it so deeply. Kamsky
must have figured out this strong idea over the board.} (14... Rf7 $6 15. O-O
Rc8 16. Rfe1 Ba8 17. Bf1 (17. Bh4 $16) 17... Qf8 18. Bh4 $2 Nxd5 19. cxd5 Rxf3
20. Qxf3 Qxf3 21. gxf3 Nd4 $44 {1/2-1/2 (34) Hasanov,M (2335)-Tunik,G (2465)
Alushta 1993}) 15. Bxf6 (15. Nc7 Ne5 16. Qd6 $1 (16. Nxe5 $2 Qxe5 17. Bxf6 Bxf6
18. Nxa8 Bxg2 19. Rg1 Bxa8 $17 {White's king is too vulnerable.}) 16... Bxf3 $1
(16... Nxf3+ 17. gxf3 Bxf3 18. Nxe8 Raxe8 19. O-O Bxe2 20. Rfe1 $16) 17. Nxe8
Raxe8 18. Bxf6 Bxg2 19. Bxe5 Bxe5 20. Qxd7 Bxb2 $1 {What an amazing position.
Black has only a bishop for a queen, but he is in no way worse.} 21. Rd3 Bxh1
22. Re3 Rxe3 23. fxe3 Rf7 $11) 15... Bxf6 16. O-O (16. Nxf6+ Rxf6 17. Qxd7 $2 (
17. O-O $11) 17... Nd4 18. Qxe8+ Rxe8 19. Nxd4 cxd4 20. Rd2 (20. Rxd4 $2 Bxg2
21. Rg1 Bf3 22. Rd2 Rfe6 $19) 20... Rfe6 21. Kd1 Bxg2 22. Rg1 Rxe2 23. Rxg2 d3
$1 $17) 16... Rd8 17. Qd2 (17. Nxf6+ Rxf6 18. Rfe1 Qf8 $11) 17... Qf7 $11 18.
Bd3 $6 {It would be ideal for White to put the bishop on e4, followed by the
exchange on f6 and Be4-d5. But, Black's reply ruins this plan.} (18. b3 {
would be a useful move.}) 18... Nb4 $1 19. Be4 Nxd5 20. Bxd5 Bxd5 21. cxd5 {
White would wish to settle a piece on d5, but he can't afford to lose the Pb2
for nothing.} (21. Qxd5 $2 Qxd5 22. Rxd5 Bxb2 $17) 21... Qg7 22. b3 g5 $1 {
Black is seizing the initiative. The bishop is superior to White's knight.} 23.
h3 h5 24. d6 {Freeing the d5-square for the queen.} g4 25. Qd5+ Rf7 26. Ne1 $1
{The best decision, at least from a practical point of view.} (26. hxg4 hxg4
27. Nh2 Bd4 28. Kh1 Qg6 {is very dangerous for White, his knight is passive
and the h-file is opened.}) 26... gxh3 27. Rd3 {[%cal Gd3g3] The point of
White's previous move. Objectively, Black is better, but the position is very
sharp, anything can happen.} hxg2 28. Nxg2 h4 {Covering the g3-square.} 29. Kh1
Qg5 30. Qe4 Rg7 $6 (30... Bd4 31. Nxh4 (31. Rh3 Rdf8 32. Rxh4 Rg7 $17) 31...
Rf4 32. Qg6+ Qxg6 33. Nxg6 Rf6 $17) 31. Ne3 h3 32. Rdd1 Qe5 33. Qf3 Rf8 34. Nf5
Rg6 $4 {Kamsky had to push the rook one square further forward. The difference
is huge.} (34... Rg5 {It is important to attack the dangerous knight.} 35. Rg1
Bd8 $1 36. Rxg5+ Bxg5 37. Rd5 Qe6 (37... Qf4 38. Ne7+ Bxe7 39. Qxf4 Rxf4 40.
dxe7 Kf7 41. Rxd7 a5 42. Rb7 Rxf2 43. a4 {White should hold this.}) 38. Kh2 (
38. Ne7+ $2 Bxe7 39. Qg3+ Kf7 40. Re5 Bh4 $1 41. Rxe6 Bxg3 42. Re7+ Kg6 43.
fxg3 Rf7 $19) 38... Rf7 39. Qg4 Rg7 40. Ne7+ Bxe7 41. Qxe6+ dxe6 42. dxe7 Rxe7
43. Rd8+ Kg7 44. Kxh3 {White shouldn't lose this as well. In rook endgames
very often an extra pawn is not sufficient for a win.}) 35. Rde1 Qc3 36. Qd5+ {
A pity for Gata who had played very well, but all his efforts were ruined by
one blunder. This game, definitely, had a psychological impact - Morozevich
ended the tournament sharing first place, while Kamsky found himself at the
bottom of the table.} (36. Qd5+ Kh7 37. Re3 $18 {[%csl Rh7][%cal Ge3h3,Gh3h7]})
1-0

[Event "Tashkent FIDE GP 2nd"]
[Site "Tashkent"]
[Date "2012.11.24"]
[Round "3"]
[White "Caruana, Fabiano"]
[Black "Kamsky, Gata"]
[Result "1-0"]
[WhiteElo "2786"]
[BlackElo "2762"]
[Annotator "Sumets,A"]
[PlyCount "95"]
[EventDate "2012.11.22"]
[EventType "tourn"]
[EventRounds "11"]
[EventCountry "UZB"]
[EventCategory "20"]
[SourceTitle "CBM 152"]
[Source "ChessBase"]
[SourceDate "2013.01.15"]
[SourceVersion "1"]
[SourceVersionDate "2013.01.15"]
[SourceQuality "1"]

1. d4 d5 2. c4 c6 3. Nf3 Nf6 4. Nc3 a6 5. e3 g6 {Transposing to the Schlechter
Variation.} 6. Bd3 Bg7 (6... Bf5 $5 7. Bxf5 (7. O-O $5 Bxd3 (7... Bg7 8. Bxf5
gxf5 9. Qb3 Ra7 10. cxd5 {After cxd5 cxd5, the bishop is poorly located on g7:}
cxd5 11. Ne5 $14) 8. Qxd3 Bg7 9. e4) 7... gxf5 8. Qb3 Ra7 9. Ne5 e6 10. Bd2
Nbd7 11. Nxd7 Nxd7 12. cxd5 cxd5 13. Ne2 Qb6 14. Nf4 Ra8 15. Ke2 Bd6 16. Nd3
Ke7 17. Rhc1 Rhc8 $11 {Ernst,S - Saltaev,M Bundesliga 2007 1/2 (25)}) 7. O-O
O-O 8. h3 {White prevents Bg4. Another way to prevent Bg4 is 8 Qb3.} (8. Qb3 e6
(8... Ra7 9. Rd1 Bf5 10. Be2 $5 (10. Bxf5 gxf5 11. Bd2 e6 12. Rac1 Ne4 $13)
10... b5 (10... dxc4 11. Bxc4 Bg4 $2 12. Bxf7+ $1 Rxf7 13. Ng5 Qf8 14. Nxf7
Bxd1 15. Nxd1 Qxf7 16. Qb6 $18) 11. cxd5 cxd5 12. a4 bxa4 13. Rxa4 $14 {
Lysyj,I-Dimitrov,P EU-ch 9th Plovdiv 2008 1 - 0 (51)}) 9. e4 dxe4 10. Bxe4 Nbd7
11. Be3 Qc7 12. c5 $6 Ng4 {Jakovenko,D - Kamsky,G Jemruk FIDE GP 2009 1-0 (29)}
(12... e5 $1 13. d5 (13. Qc4 Ng4 14. d5 (14. Rae1 exd4 15. Bxd4 Nde5 16. Nxe5
Be6 17. Qa4 Bxe5 18. g3 Bxd4 19. Qxd4 Rad8 $15 {Ftachnik,L}) 14... Nxe3 15.
fxe3 cxd5 16. Nxd5 Qxc5 17. Rac1 Qxc4 18. Rxc4 f5 19. Bc2 e4 $15 {Ftachnik, L})
(13. Rfe1 Ng4 14. Rad1 exd4 15. Bxd4 Bxd4 16. Rxd4 Nxc5 17. Qa3 Ne6 $15 {
Ftachnik,L}) 13... Nxe4 14. Nxe4 cxd5 15. Qxd5 Nf6 16. Qd6 Ne8 17. Qxc7 Nxc7
18. Rfd1 f5 19. Nd6 e4 $11)) 8... b5 {I believe Black wasn't satisfied with
the position after the opening so let's see other options} (8... Nbd7 9. a4 (9.
cxd5 $5 {the most natural reply} cxd5 (9... Nxd5 $6 10. e4 $14) 10. Qb3 e6 11.
Bd2 b6 12. Rfc1) 9... Re8 10. cxd5 cxd5 11. Bd2 b6 12. Qe2 $6 (12. Qb3 Bb7 13.
Rac1 Rc8 14. Ne2 {Krasenkow,M}) 12... Bb7 (12... e5 $5 13. dxe5 Nxe5) 13. Rfd1
(13. Bc2 e5) (13. a5 $6 b5 14. Na2 Ne4 $1 $15 (14... e5 15. dxe5 Nxe5 16. Nxe5
Rxe5 17. Bc3 $11)) 13... e5 14. dxe5 Nxe5 15. Be1 $2 Nxf3+ 16. Qxf3 Qb8 $17 {
Aronian,L - Anand,V Moscow Botvinnik Memorial rapid 2011 0-1 (48)}) (8... dxc4
9. Bxc4 b5 10. Bb3 (10. Bd3 c5 11. dxc5 Nfd7 12. Qe2 Nxc5 13. Bc2 Bb7 14. Rd1
Nbd7 15. Bd2 Nb6 16. Be1 Qb8 $11 {Illescas Cordoba,M - Granda Zuniga,J Buenos
Aires 1993 1/2 (42)}) 10... a5 11. a3 Na6 $6 12. Re1 b4 13. axb4 Nxb4 14. Na2
c5 15. Nxb4 cxb4 16. e4 $14 {Spraggett,K - Ipatov,A Andorra Open 28th 2010 1/2
(35)}) 9. b3 Nbd7 (9... bxc4 10. bxc4 c5 11. Nxd5 (11. dxc5 $1 Nbd7 (11... Ne4
12. Bxe4 dxe4 13. Nd4 $16) 12. Ba3 $5 Qa5 13. Na4 dxc4 14. Bxc4 Bb7 15. Nd4 Ne5
16. Rb1 $1 Nxc4 $2 17. Rxb7 Nxa3 18. Nc6 $18) 11... Nxd5 12. cxd5 Qxd5 13. Ba3
cxd4 14. Bxe7 Re8 15. e4 Qd7 16. Ba3 {1/2 Tukmakov,V - Delchev,A Pula 1999} Bb7
17. Nd2 Nc6 18. Nc4 Ne5 $11) 10. Qc2 Bb7 11. c5 $1 Ne8 $146 (11... a5 12. a3 e5
13. dxe5 Ne8 14. Ne2 $6 (14. e4 $1 dxe4 15. Nxe4 Nxe5 16. Nxe5 Bxe5 17. Bh6 $5
(17. Rb1 $5 Qc7 (17... Nf6 $6 18. Bg5 $16) 18. Re1 Nf6 19. Bb2 Nxe4 20. Bxe5
Qxe5 21. Bxe4 $14) 17... Bxa1 18. Rxa1 f5 19. Ng5 Nc7 (19... Rf6 20. Rd1 Qe7
21. Qc3 $16) 20. Rd1 Qf6 21. Bxf8 Rxf8 22. Qd2 $14) 14... Qe7 15. e4 dxe4 16.
Bxe4 Nxc5 $6 (16... Qxc5 $1 17. Ra2 Qxc2 18. Rxc2 Nxe5 19. Nxe5 Bxe5 20. Bh6
Ng7 21. Bxc6 Rac8 22. Rfc1 Bxc6 23. Rxc6 Rxc6 24. Rxc6 Rd8 $11) 17. Ng3 Nxe4
18. Nxe4 c5 19. Re1 Rc8 20. Bg5 Bxe4 21. Qxe4 Qe6 22. Qh4 Nc7 23. Bh6 Bxh6 24.
Qxh6 f6 25. Rad1 Rf7 26. Rd6 Qxb3 27. Rxf6 $2 {Chernin,A -Murey,J Copenhagen
1986 0 - 1 (39)} (27. exf6 $1 Re8 28. Rxe8+ Nxe8 29. Rd8 Qb1+ 30. Kh2 Qe4 31.
Qg5 Rf8 32. Ne5 Qf5 33. Qxf5 gxf5 34. f7+ $18)) 12. Bb2 Nc7 13. b4 a5 14. a3
Ne6 $6 (14... e5 15. dxe5 Nxe5 16. Nxe5 Bxe5 17. Ne2 $5 (17. Nxb5 Bxb2 18. Nxc7
Bxa1 19. Nxa8 Be5 $1 (19... Qxa8 20. Rxa1 axb4 21. Qb2 $1 $16) 20. Nb6 axb4 21.
axb4 Bc7 $11) 17... Bxb2 18. Qxb2 Ne6 19. Rad1 Re8 20. e4 dxe4 21. Bxe4 $14) (
14... Re8 15. Rfe1 e5 16. dxe5 Nxe5 17. Nxe5 Bxe5 18. Ne2 (18. e4 $6 axb4 19.
axb4 Rxa1 20. Bxa1 Qh4) 18... Bxb2 19. Qxb2 $14) 15. Nd2 Qc7 16. f4 axb4 (16...
f5 $5 17. Nf3 $14 (17. g4 $2 fxg4 18. hxg4 Nxf4 $1 19. exf4 Rxf4 $40)) 17. axb4
Rxa1 18. Rxa1 Ra8 19. Rxa8+ Bxa8 20. Nf3 Bb7 $2 {Black shouldn't allow White
to play g4} (20... f5 $1 21. g4 $6 fxg4 22. hxg4 Nxf4 23. exf4 Qxf4 24. Qe2 (
24. Qg2 $4 Qe3+ $19) 24... Qxg4+ 25. Kf1 {Black needs to choose between two
options} Bxd4 (25... e5 26. dxe5 Qh3+ 27. Ke1 Qg3+ 28. Kd2 Nxe5 29. Nxe5 Qxe5
30. Qxe5 Bxe5 $14 {I think Black would be able to draw if he played precisely})
26. Nxd4 Qxd4 27. Qe6+ Kf8 28. Qxd7 Qxd3+ 29. Ne2 Kf7) 21. g4 $1 $16 {Black
has problems on both sides. Probably the position is winning for White} Bc8 22.
Bc1 Nf6 23. Qa2 h6 24. Ne5 g5 $6 (24... Bb7 25. Kg2 Nd7 26. Nf3 Bc8 27. Qf2 $16
) 25. Bf5 (25. Qa8 $1) 25... Nd8 26. Bd3 gxf4 (26... Ne6 27. Qa8 Nd8 28. Kg2
$16 (28. Bf5 $6 Bxf5 (28... e6 29. Bb1 $16) 29. Nxc6 Qxc6 $1 (29... Bxg4 30.
Nxd8 $18) 30. Qxd8+ Kh7 31. gxf5 gxf4 32. Qxe7 (32. exf4 Qa6 33. Qa5 Qc8) 32...
Qa6 33. exf4 Qa1 34. Qe1 Ne4 $132)) 27. exf4 Nd7 (27... h5 28. g5 Ne8 29. Kh2
$16) 28. Nf3 Ne6 29. Ne2 Qb7 (29... Nf6 30. f5 Nf8 31. Bf4 Qb7 32. Ng3 $16) 30.
Be3 (30. f5 $5 Nc7 31. Ng3 Nf6 32. Bf4 $16) 30... Qa6 31. Qb2 Nef8 32. Ng3 e6
33. Nh5 Bh8 34. f5 $18 Nf6 (34... exf5 35. gxf5 Nf6 36. Nxf6+ Bxf6 37. Bxh6 Nh7
38. Qg2+ Kh8 39. Qe2 Bd7 40. Ne5 $18) 35. Bxh6 Ne4 36. f6 $1 Nxf6 $8 (36... Bd7
37. Bxe4 dxe4 38. Nd2) 37. Ne5 Ne4 38. Bxe4 dxe4 39. Qf2 Bxe5 40. dxe5 Qa1+ 41.
Kg2 f5 (41... Ng6 42. Nf6+ Kh8 43. Qd2 $18) 42. exf6 Kf7 43. Bxf8 Kxf8 44. Qd2
Kf7 45. Qd8 Qb2+ 46. Kg3 Qc3+ 47. Kh4 Qe1+ 48. Ng3 1-0